Normal view
MARC view
Entry Personal Name
001 - CONTROL NUMBER
- control field: 264403
003 - CONTROL NUMBER IDENTIFIER
- control field:
005 - DATE AND TIME OF LATEST TRANSACTION
- control field: 20210601210320.0
008 - FIXED-LENGTH DATA ELEMENTS
- fixed length control field: 210601|| aca||aabn | a|a d
040 ## - CATALOGING SOURCE
- Original cataloging agency:
- Transcribing agency:
100 ## - HEADING--PERSONAL NAME
- Personal name: Clemens, Samuel Lawghorwe
670 ## - SOURCE DATA FOUND
- Source citation: Work cat.: (): Twain, Mark, (Samuel Langhorne Clemens), 1835-1910 264399, Roughing it /, 1972
